Premier League (England) Top 4 - Statistiken

Allgemein
  • Dieses Quiz wurde 2.148 mal gespielt
  • Das Durchschnittsergebnis liegt bei 11 aus 14
Antwortstatistiken
Antwort % Korrekt
Manchester City
100%
Manchester United
100%
FC Chelsea
99%
FC Liverpool
99%
FC Arsenal
98%
Tottenham Hotspur
95%
Leicester City
92%
Newcastle United
80%
Aston Villa
77%
FC Everton
70%
Nottingham Forest
69%
Leeds United
54%
Blackburn Rovers
41%
Norwich City
19%
Keine übereinstimmenden Quizze gefunden
Verteilung der Resultate
Anzahl Personen mit jedem Resultat
Perzentil nach korrekt beantworteten Fragen
Ihre Resultats-Entwicklung
Sie haben dieses Quiz noch nicht gespielt